| Tag |
First Indicator |
Second Indicator |
Subfields |
| LEADER |
00000cam a2200000 a 4500 |
| 001 |
in00001410176 |
| 005 |
20151020060913.0 |
| 008 |
970805s1998 nyu 000 1 eng |
| 010 |
|
|
|a 97036237
|
| 020 |
|
|
|a 0871137054
|
| 035 |
|
|
|a (OCoLC)37513112
|
| 035 |
|
|
|9 AHN8144AM
|
| 040 |
|
|
|a DLC
|c DLC
|d TXA
|d UtOrBLW
|
| 043 |
|
|
|a n-us-ma
|
| 049 |
|
|
|a TXAM
|
| 050 |
0 |
0 |
|a PS3561.R52
|b Z23 1998
|
| 082 |
0 |
0 |
|a 813/.54
|2 21
|
| 100 |
1 |
|
|a Kricorian, Nancy.
|
| 245 |
1 |
0 |
|a Zabelle /
|c Nancy Kricorian.
|
| 250 |
|
|
|a 1st ed.
|
| 264 |
|
1 |
|a New York :
|b Atlantic Monthly Press,
|c [1998]
|
| 264 |
|
4 |
|c ©1998
|
| 300 |
|
|
|a 237 pages ;
|c 22 cm.
|
| 336 |
|
|
|a text
|b txt
|2 rdacontent
|
| 337 |
|
|
|a unmediated
|b n
|2 rdamedia
|
| 338 |
|
|
|a volume
|b nc
|2 rdacarrier
|
| 650 |
|
0 |
|a Armenian American women
|z Massachusetts
|z Boston
|x Fiction.
|
| 948 |
|
|
|a c:ktn
|
| 999 |
|
|
|a MARS
|
| 999 |
f |
f |
|s 6527e30e-ac69-3f3f-b3f2-5bbe3793f25c
|i d31cc3f7-e7f9-34f5-a781-e5246e149b5c
|t 0
|
| 952 |
f |
f |
|p ric
|a Texas A&M University
|b Rellis Campus
|c Joint Library Facility
|d Remote Storage
|t 0
|e PS3561.R52 Z23 1998
|h Library of Congress classification
|i unmediated -- volume
|m A14822142231
|
| 998 |
f |
f |
|a PS3561.R52 Z23 1998
|t 0
|l Remote Storage
|